Normal view
MARC view
- نوفل ، احمد سعيد ، محي الدين المصري وآخرون ، تحرير واعداد وتقديم بدران ، ابراهيم ، عبد الخالق ، غسان
Entry Personal Name
001 - CONTROL NUMBER
- control field: 47518
003 - CONTROL NUMBER IDENTIFIER
- control field: JO-AjAnu
005 - DATE AND TIME OF LATEST TRANSACTION
- control field: 20230606081838.0
008 - FIXED-LENGTH DATA ELEMENTS
- fixed length control field: 230606|| aca||aabn | a|a d
040 ## - CATALOGING SOURCE
- Original cataloging agency: JO-AjAnu
- Transcribing agency: JO-AjAnu
100 ## - HEADING--PERSONAL NAME
- Personal name: نوفل ، احمد سعيد ، محي الدين المصري وآخرون ، تحرير واعداد وتقديم بدران ، ابراهيم ، عبد الخالق ، غسان
670 ## - SOURCE DATA FOUND
- Source citation: Work cat.: (JO-AjAnu)24317: نوفل ، احمد سعيد ، محي الدين المصري وآخرون ، تحرير واعداد وتقديم بدران ، ابراهيم ، عبد الخالق ، غسان , author, الآفاق المستقبلية للعلاقات العربية العربية